Aktuárske analýzy v životnej poisťovni

Gespeichert in:
Bibliographische Detailangaben
1. Verfasser: Sakálová, Katarína, 1955-
Weitere Verfasser: Mojžišová, Elena
Format: Buchkapitel
Sprache:Slowakisch
Tags: Tag hinzufügen
Keine Tags, Fügen Sie das erste Tag hinzu!

MARC

LEADER 00000naa$a2200000$$$4500
001 0094749
005 20240502072044.0
041 0 |a slo 
044 |a SK 
245 1 0 |a Aktuárske analýzy v životnej poisťovni  |c Katarína Sakálová, Elena Mojžišová 
100 1 |a Sakálová, Katarína, 1955- 
700 1 |a Mojžišová, Elena